Регионална библиотека "Любен Каравелов" - Русе

Мистериозният ръкопис на Нострамишкус (Запис номер 106145)

MARC детайли
000 -Лидер
Контролно поле с фиксирана дължина 01520nam a2200349 c 4500
003 - Код на организацията, давaща контролен номер
Контролно поле BLK
005 - Дата и час на последна редакция
Контролно поле 20250523125420.0
008 - Елементи от данни с фиксирана дължина
fixed length control field 180409b bul|||||r ||||||| ||bul||
010 ## - Наследен системен номер
LC control number KNG00111398000
020 ## - Международен стандартен номер на книга ISBN
Международен стандартен номер на книга ISBN 978-954-330-335-9
-- издат.: Унискорп
040 ## - Източник на каталожния запис
Идентификатор на билиотеката - собственик на записа BLK
041 ## - Код за език
Код за езика на текст/звукозапис или на отделно заглавие Български
Код за езика КДБФ Български
072 #7 - Код за тематичната категория
Код организация bullib
Код за тематична категория Н85
Текст Детска художествена литература Н
080 ## - УДК
Текстов определител УДК Италианска литература
УДК код - определител по УДК 821.131.1
УДК определител -93-34
УДК - код + определител 821.131.1-93-34
100 1# - Редна дума - Автор
Автор Стилтън, Джеронимо
Авторска отговорност първи автор
R(LIN) 124699
139 ## - Редно поле
Редна дума Стилтън, Джеронимо
Авторски знак Сти - С 76
245 10 - Сведения за заглавието
Заглавие Мистериозният ръкопис на Нострамишкус
Редно поле (дума) Джеронимо Стилтън; прев. от итал. Славина Петкова.
257 ## - Страна на издаване
Страна на създаване/издаване Италия
260 ## - Област на издателските данни
-- София
Име на издателя, разпространителя и проч. Унискорп
Година на издаване 2011
300 ## - Физическа характеристика
Страници 120 с.
Илюстрации и др. с цв. ил.
Размери/Мащаб 19 см
380 ## - Жанр
Жанр Детска худож. лит.
490 1# - СЕРИИ (Колекции)
Име на серия Смешни истории
№: серия 1
500 ## - Общи забележки
Забележка Джеронимо Стилтон псевдоним на Елизабета Дами. - Ориг. загл. Il misterioso manoscritto di Nostratopus / Geronimo Stilton.
659 ## - Тематичен бюлетин
Тематичен бюлетин Н
700 1# - Други автори (авторска отговорност)
Лично име Петкова, Славина
Автороска отговорност (Описва отношението между автора и произведението) прев. от итал.
9 (RLIN) 310501
852 ## - Местоположение
Форматна сигнатура Цб 255134
856 4# - Електронен адрес и достъп
Електронен формат pdf - файл
Път до файла /url/
856 4# - Електронен адрес и достъп
Електронен формат pdf - файл
Път до файла /url/
942 ## - АРТИКУЛИ
Вид на библиотечния материал Книги
Скрит в OPAC Не
Koha issues (borrowed), all copies 9
944 ## - СЪЗДАВАНЕ И РЕДАКЦИЯ на ЗАПИСА
Създаване/Редакция Създаване
Дата на регистрацията/редакция 22.05.2012
Статус, дата на статуса Анна Гръцманова
Служител, извършил регистрацията/редакцията 30564
944 ## - СЪЗДАВАНЕ И РЕДАКЦИЯ на ЗАПИСА
Създаване/Редакция Редакция
Дата на регистрацията/редакция 17.10.2016
Статус, дата на статуса ф /
Служител, извършил регистрацията/редакцията Пенка_Димитрова
999 ## - СИСТЕМНИ КОНТРОЛНИ НОМЕРА
Koha biblionumber 106145
Koha biblioitemnumber 106145
Наличности
Код за отписване Код за изгубен артикул Код за повреда Коз за рестрикции Код за отдаване Артикулен № Име на библиотеката - собственик Име на библиотеката, в която се намира в момента Статус (Текущо местоположение) Дата на вписване в системата Местоположение - отдел Цена в лева Инвентарен номер Систематично азбучна сигнатура Баркод Номер на екземпляра Цена в евро Служебна бележка Служебен тип на артикула
  Не е изгубен Не е повреден без рестрикции заемане за дома 171248 Регионална библиотека "Любен Каравелов" Русе Регионална библиотека "Любен Каравелов" Русе Детски отдел 2012-05-22 Детски отдел 9.00 120000757692 ДХ 820/899/С 76 120000757692 1 4.60 Дост: DA Вид: А N: 7 Дата: 16.05.2012 Дата инв: 10.08.2015 Бележки инв: Д2015 Книги
  Не е изгубен Не е повреден без рестрикции ползва се в читалня 171249 Регионална библиотека "Любен Каравелов" Русе Регионална библиотека "Любен Каравелов" Русе Хранилище 2016-10-17 Хранилище 10.00 120000804848 Цб 255134 120000804848 2 5.11 Дост: Dp Вид: Д N: 38 Дата: 24.08.2016 Книги
Vip Innovations Ltd, Rousse, Bulgaria 2025